=LDR 00000nam 2200000 4500 =001 INLIS000000000021673 =005 20130612120518 =008 ***********************************Ind** =035 ##$$0010-061300000021673 =041 ##$$a Ind =082 ##$$a 813 =090 ##$$a 813, Mun m =100 ##$$a Munif, Achmad =245 ##$$a Merpati biru, Acmad Munif =260 ##$$a 2005 $b Yogyakarta =300 ##$$a x, 284 hlm, ilus, 18 cm =650 ##$$a Fiksi Indonesia =850 ##$$a NBPNMAT =990 ##$$a 00920092